Fundamentals Of Python (Record no. 347065)

MARC details
000 -LEADER
fixed length control field 00439nam a2200169Ia 4500
008 - FIXED-LENGTH DATA ELEMENTS--GENERAL INFORMATION
fixed length control field 230718s9999 xx 000 0 und d
020 ## - INTERNATIONAL STANDARD BOOK NUMBER
International Standard Book Number 9788131529034
041 ## - LANGUAGE CODE
Language code of text/sound track or separate title eng
082 ## - DEWEY DECIMAL CLASSIFICATION NUMBER
Classification number 005.13'3
Item number LAM
100 ## - MAIN ENTRY--PERSONAL NAME
Personal name Lambert K.A.
245 ## - TITLE STATEMENT
Title Fundamentals Of Python
260 ## - PUBLICATION, DISTRIBUTION, ETC. (IMPRINT)
Date of publication, distribution, etc. 2017
Name of publisher, distributor, etc. Cengage Learning
300 ## - PHYSICAL DESCRIPTION
Extent 394
365 ## - TRADE PRICE
Currency code Rs.
Price amount 399.00
700 ## - ADDED ENTRY--PERSONAL NAME
Personal name Lambert K.A.
906 ## - LOCAL DATA ELEMENT F, LDF (RLIN)
d O:0589926-Feb-2018B:513601-Feb-2018
c SIT
b 223.44
Holdings
Withdrawn status Lost status Damaged status Not for loan Home library Current library Date acquired Vendor Budget Code Cost, normal purchase price Bill number Total Checkouts Full call number Barcode Date last seen Date last checked out Discount Cost, replacement price Bill Date Koha item type Original Barcode
        Cummins College of Engineering for Women Pune Cummins College of Engineering for Women Pune 26/02/2018 Vaibhav Book House SIT 287.28 5136 3 005.13'3 CCEP-BK-58272 06/09/2023 25/08/2023 223.44 399.00 01/02/2018 Books 058272